Το φύλο του παράγοντας διαμόρφωσης των στάσεων των μαθητών/τριών απέναντι στα μαθησιακά αντικείμενα ; μεταπτυχιακή διατριβή
Αποθηκεύτηκε σε:
| Κύριος συγγραφέας: | |
|---|---|
| Συγγραφή απο Οργανισμό/Αρχή: | |
| Άλλοι συγγραφείς: | |
| Μορφή: | Thesis Βιβλίο |
| Γλώσσα: | Greek |
| Δημοσίευση: |
Ρόδος :
Πανεπιστήμιο Αιγαίου, Τμήμα Επιστημών της Προσχολικής Αγωγής και του Εκπαιδευτικού Σχεδιασμού,
2006.
|
| Θέματα: | |
| Ετικέτες: |
Προσθήκη ετικέτας
Δεν υπάρχουν, Καταχωρήστε ετικέτα πρώτοι!
|
MARC
| LEADER | 00000cam a2200000 i 4500 | ||
|---|---|---|---|
| 001 | 1/42418 | ||
| 008 | 070316s2006 gre d | ||
| 035 | |l 10087340 | ||
| 040 | |a GR-MY-UA |b gre |e aacr | ||
| 041 | 0 | |a gre | |
| 082 | 7 | |a 370.8 |2 (22) | |
| 100 | 1 | |a Καβαλιέρου, Μαρία. | |
| 245 | 1 | 3 | |a Το φύλο του/της εκπαιδευτικού : |b παράγοντας διαμόρφωσης των στάσεων των μαθητών/τριών απέναντι στα μαθησιακά αντικείμενα ; μεταπτυχιακή διατριβή / |c Καβαλιέρου Μαρία ; μέλη εξεταστικής επιτροπής : Χιονίδου - Μοσκόφογλου Μαρία , Βρυωνίδης Μάριος, Βιτσιλάκη Χρυσή. |
| 260 | |a Ρόδος : |b Πανεπιστήμιο Αιγαίου, Τμήμα Επιστημών της Προσχολικής Αγωγής και του Εκπαιδευτικού Σχεδιασμού, |c 2006. | ||
| 300 | |a 147 σ. ; |c 30 εκ. | ||
| 502 | |a Διατριβή (μεταπτυχιακή) – Πανεπιστήμιο Αιγαίου, Ρόδος, 2006. | ||
| 504 | |a Βιβλιογραφία: σ. 117-123. | ||
| 610 | 2 | 0 | |a University of the Aegean |x Dissertations. |
| 650 | 0 | 0 | |a Gender identity in education. |
| 650 | 0 | 0 | |a Education |x Study and teaching. |
| 650 | 0 | 0 | |a Dissertations, Academic |z Greece. |
| 700 | 1 | |a Χιονίδου - Μοσκοφόγλου, Μαρία. |4 ths | |
| 710 | 2 | |a Πανεπιστήμιο Αιγαίου |b Σχολή Ανθρωπιστικών Σπουδών |b Τμήμα Επιστημών Προσχολικής Αγωγής και Εκπαιδευτικού Σχεδιασμού. | |
| 852 | |a INST |b RHODES |c DIATR |e 20070316 |h 370.8 ΚΑΒ |p 005400023835 |q 005400023835 |t MTXE |y 23 | ||
| 901 | |a BIBL4-2007-1 | ||
| 909 | |a Ρ |b 127280 | ||
| 924 | |a ΚΑΒΑΛΙΕΡΟΥ |b ΜΑΡΙΑ |y Ρόδος |z 2006-11 | ||
| 970 | |a ΜΙΣΣΟΣ |b ΣΤΑΥΡΟΣ |z 2007/03/16 | ||